Basic Employment Law / (Record no. 705)

MARC details
000 -LEADER
fixed length control field 00496nam a22001697a 4500
005 - DATE AND TIME OF INPUT
control field 20231116071104.0
008 - DATA ELEMENTS--GENERAL INFORMATION
fixed length control field 231116b |||||||| |||| 00| 0 eng d
020 ## - INTERNATIONAL STANDARD BOOK NUMBER
International Standard Book Number 0702118427
041 ## - LANGUAGE CODE
Language code of text English
082 ## - SHELF NUMBER
DDC number 344.1 RIE
100 ## - MAIN AUTHOR
Main author's name Riekert, J
Language of a work English
245 ## - TITLE STATEMENT
Title Basic Employment Law /
Statement of responsibility, etc. J Riekert
260 ## - PUBLICATION, DISTRIBUTION, ETC.
Place of publication, distribution, etc. Cape Town :
Name of publisher, distributor, etc. Juta and Company Ltd,
Date of publication, distribution, etc. 1987
300 ## - PHYSICAL DESCRIPTION
Other physical details xvii, 120 pages ;
Dimensions 23 cm.
650 ## - SUBJECT`
Broad subject Legal practice
Own subject terms Law
942 ## - ADDED ENTRY ELEMENTS (KOHA)
Item type Books
942 ## - ADDED ENTRY ELEMENTS (KOHA)
-- ALISON_BN_VRIES
Holdings
Source of classification or shelving scheme Not for loan Collection code Home library Current library Shelving location Date acquired Full call number Barcode Price effective from Koha item type
Dewey Decimal Classification   TEXT BOOKS LAW SOCIETY OF NAMIBIA LIBRARY - WINDHOEK LAW SOCIETY OF NAMIBIA LIBRARY - WINDHOEK Labour law 11/16/2023 344.1 RIE LSN/1987/221 11/16/2023 Books